000 00717nam a2200241Ia 4500
003 OSt
005 20220930065557.0
006 a|||||r|||| 00| 0
007 ta
008 220926b |||||||| |||| 00| 0 eng d
024 _a5800
037 _cTheses
040 _aCRL
_cCRL
_beng
041 _2eng
_aeng
100 _aMukhopadhyay K K
_9526073
110 _aUniversity of Delhi. Faculty of Social Sciences. Department of Social Work
_9520300
245 0 _aChange of status among chamars
260 _c1980
650 _aSOCIAL WORK
_935789
700 _aUniversity of Delhi. Faculty of Social Sciences. Department of Social Work
_9520301
942 _cDIS
_2CC
999 _c859738
_d859738